000 00640nam a22002417a 4500
001 BR6000139
003 BR-BrBNA
005 20230928095518.0
007 ta
008 230509b bl.||||| |||| 00| 0 por d
040 _aBR-BrBNA
_bpor
_cBiblioteca Nacional de Agricultura
041 _a(Por)
072 _aD50; F03
_b3575
090 _ 3575 BR6000139
110 1 _aPlano Nacional de Sementes, Brasilia, DF (Brasil)
_97823
245 1 _aLegislacao sobre sementes
260 3 _aBrasilia, DF (Brasil):
_c1968.
300 _a54 p.
650 _aLegislacao
650 _aSemente
909 _a202309
_bLucia
_c55
_dLucia Elande
942 _cBK
999 _c57003
_d57003